Statystyki dla Quiz wiedzy ogólnej #10

Kliknij tutaj aby rozwiązać quiz!

Ogólne statystyki

  • Ten quiz został rozwiązany 5 935 razy
  • Średni wynik to 9 z 20

Statystyki odpowiedzi

PytanieOdpowiedź% Poprawnych
Z jakiego państwa pochodzi espresso?Włochy
91%
Kamień szlachetny o kolorze krwawo czerwonymRubin
85%
Jaki jest najcięższy organ wewnętrzny u człowieka?Wątroba
84%
Stolicą którego kraju jest Ułan Bator?Mongolia
68%
Jaka roślina jest najczęściej uprawiana w USA, biorąc pod uwagę wagę i wartość?Kukurydza
61%
Co dokładnie znaczy UFO? Rozwiń skrót po polskuNiezidentyfikowany
obiekt latający
61%
Jaki pierwiastek chemiczny ma symbol Sn?Cyna
55%
Jakie starożytne państwo-miasto było rządzone przez króla Leonidasa?Sparta
54%
Jak nazywa się mieszkaniec Moskwy?Moskwianin
53%
Które państwo zdobyło najwięcej medali w zimowych igrzyskach olimpijskich?Norwegia
53%
Jak nazywa się najwyższe drzewo?Sekwoja
wieczniezielona
51%
Co jest głównym składnikiem dodawanym do hummusu?Ciecierzyca
41%
Jakie słowo określa luksusowy apartament na ostatnim piętrze wysokiego budynku?Penthouse
34%
Jaki związek chemiczny o wzorze C12H22O11 jest stosowany jako cukier stołowy?Sacharoza
28%
Jakie australijskie miasto jest najbardziej wysunięte na zachód?Perth
25%
Czyja żona została przemieniona w słup soli?{Lot}a
20%
Jak mają na imię aktorki McAdams i Weisz?Rachel
19%
Co występuje w odmianach Pillbox, Panama i Fez?Kapelusze
13%
W jakim mieście rozgrywa się akcja filmów "Robocop" i "Gran Torino"?Detroit
12%
Jak nazywa się najsłynniejsza powieść napisana przez Mary Shelley?Frankenstein
11%

Rozkład punktacji

Percentyl według liczby udzielonych odpowiedzi

Procent ludzi z każdym wynikiem

Twoja historia wyników

Nie rozwiązałeś tego quizu